| 000 | 01024naa a22002657a 4500 | ||
|---|---|---|---|
| 001 | BR8803166 | ||
| 003 | BR-BrBNA | ||
| 005 | 20240918180139.0 | ||
| 007 | ta | ||
| 008 | 230509b bl.||||| |||| 00| 0 por d | ||
| 040 |
_aBR-BrBNA _bpor _cBiblioteca Nacional de Agricultura |
||
| 041 | _a(Pt) | ||
| 072 |
_aK50 _b8905 |
||
| 090 | _aK50 BR8803166 | ||
| 100 | 1 | _aWinter, M.E.L. | |
| 111 | 1 |
_aSimposio sobre Tendencias do Desenvolvimento Florestal Brasileiro _cPiracicaba, SP (Brazil) _d27-28 Mar 1985 |
|
| 245 | 1 | _aPrograma de substituicao energetica [carvao motor] | |
| 260 | 3 |
_aPiracicaba, SP (Brasil): _c1985. |
|
| 500 | _aSimposio sobre Tendencias do Desenvolvimento Florestal Brasileiro Piracicaba, SP (Brasil): 1985. p. 15-19 (BR8803166-AM)K50 | ||
| 650 | _aINDUSTRIA FLORESTAL | ||
| 650 | _aCARVAO VEGETAL | ||
| 773 | 0 |
_tSimposio sobre Tendencias do Desenvolvimento Florestal Brasileiro _wK50 BR8803166 _gPiracicaba, SP (Brasil), 1985. p. 15-19 |
|
| 909 |
_a202404 _bLucia _c55 _dLucia Elande |
||
| 942 |
_cAM _2AGRIS |
||
| 999 |
_c319294 _d319294 |
||